Nest in the bones : stories /

Philosophically engaged and darkly moving, the twenty stories in Nest in the Bones span three decades from Antonio di Benedetto's wildly various career. From his youth in Argentina to his exile in Spain after enduring imprisonment and torture under the military dictatorship during the so-called...

Full description

Bibliographic Details
Main Author: Di Benedetto, Antonio, 1922-1986 (Author)
Other Authors: Broner, Martina (Translator)
Format: Book
Language:English
Published: Brooklyn, New York : Archipelago, [2017]
Edition:First Archipelago books edition.
Subjects:

MARC

Tag First Indicator Second Indicator Subfields
LEADER 00000cam a2200000 i 4500
001 in00003874113
005 20170926120247.0
008 170316t20172017nyu 000 j eng
010 |a  2017001393 
020 |a 9780914671725  |q paperback 
020 |a 0914671723  |q paperback 
035 |a (OCoLC)ocn976423956 
040 |a DLC  |e rda  |c DLC  |d UtOrBLW 
041 1 |a eng  |h spa 
049 |a TXAM 
050 0 0 |a PQ7797.B4343  |b A2 2017 
082 0 0 |a 863/.64  |2 23 
100 1 |a Di Benedetto, Antonio,  |d 1922-1986.,  |e author.  |0 http://id.loc.gov/authorities/names/n2017015033 
240 1 0 |a Short stories.  |k Selections.  |l English 
245 1 0 |a Nest in the bones :  |b stories /  |c by Antonio Di Benedetto ; translated from the Spanish by Martina Broner. 
250 |a First Archipelago books edition. 
264 1 |a Brooklyn, New York :  |b Archipelago,  |c [2017] 
264 4 |c ©2017 
300 |a 275 pages ;  |c 19 cm. 
336 |a text  |b txt  |2 rdacontent 
337 |a unmediated  |b n  |2 rdamedia 
338 |a volume  |b nc  |2 rdacarrier 
520 |a Philosophically engaged and darkly moving, the twenty stories in Nest in the Bones span three decades from Antonio di Benedetto's wildly various career. From his youth in Argentina to his exile in Spain after enduring imprisonment and torture under the military dictatorship during the so-called "dirty war" to his return in the 1980s, Benedetto's kinetic stories move effortlessly between genres, examining civilization's subtle but violent imprint on human consciousness. A late-twentieth century master of the short form and revered by his contemporaries, Nest in the Bones is the first comprehensive volume of Benedetto's stories available in English. 
650 7 |a FICTION  |x Short Stories (single author)  |2 bisacsh 
700 1 |a Broner, Martina,  |e translator.  |0 http://id.loc.gov/authorities/names/no2015066281 
945 |b 130970 
947 |a A14850165474 
948 |a cataloged  |b h  |c 2017/6/12  |d c  |e dmitchel  |f 3:50:30 pm 
994 |a 92  |b TXA 
999 f f |s 6b97521e-9e5c-3a32-95ae-9ad000b749fd  |i 0d7fc7e4-db61-3eb7-84d1-877768e202ee  |t 0 
952 f f |p normal  |a Texas A&M University  |b College Station  |c Sterling C. Evans Library  |d Evans: Library Stacks  |t 0  |e PQ7797.B4343 A2 2017  |h Library of Congress classification  |i unmediated -- volume  |m A14850165474 
998 f f |a PQ7797.B4343 A2 2017  |t 0  |l Evans: Library Stacks